Normal view
MARC view
- Justus Anne Julie
Entry Personal Name
001 - CONTROL NUMBER
- control field: 7413
003 - CONTROL NUMBER IDENTIFIER
- control field: OSt
005 - DATE AND TIME OF LATEST TRANSACTION
- control field: 20200110142048.0
008 - FIXED-LENGTH DATA ELEMENTS
- fixed length control field: 200110|| aca||aabn | a|a d
040 ## - CATALOGING SOURCE
- Original cataloging agency: OSt
- Transcribing agency: OSt
100 ## - HEADING--PERSONAL NAME
- Personal name: Justus Anne Julie
670 ## - SOURCE DATA FOUND
- Source citation: Work cat.: (OSt): Justus Anne Julie, The Lost Elephant